| 000 | 00881cam a22002175a 4500 | ||
|---|---|---|---|
| 001 | L137884 | ||
| 008 | 070503s2007 xxkd f s 001 0 eng d | ||
| 035 | _a(Sirsi) u137884 | ||
| 041 | 0 | _aeng | |
| 050 | 0 | 4 | _a333.337016 $2 18 |
| 100 | 1 | _aWood, Trevor | |
| 245 | 0 | 4 | _aThe definitive guide to retail and leisure parks 2007 |
| 260 |
_aHigh Wycombe _bTrevor Wood Associates _c2007 |
||
| 300 |
_axiii, 273p. _bill. _c30cm. |
||
| 350 | _a395 | ||
| 520 | _aPresents in-depth information regarding retail and leisure parks, letting agents and tenants, factory outlets, investment and managing agents. Detailed results for regions around the UK are presented. Data includes specific movements within commercial premises. Details developments in construction. | ||
| 590 | _aKA | ||
| 651 | 4 |
_aUnited Kingdom _y |
|
| 690 | _aPROPERTY-COMMERCIAL PROPERTY-RETAIL PROPERTY | ||
| 942 | _n0 | ||
| 999 |
_c106915 _d106915 |
||